| 000 | 01306 a2200205 4500 | ||
|---|---|---|---|
| 020 | _a0071415017 (hardcover) | ||
| 020 | _a9780071415019 (hardcover) | ||
| 082 | 0 | 4 | _a332.4560113 |
| 090 |
_c4214 _d4214 |
||
| 100 | 1 | _aRosenberg, Michael. | |
| 245 | 1 | 0 |
_aExchange rate determination : _bmodels and strategies for exchange rate forecasting / _cMichael Rosenberg. |
| 250 | _a1st ed. | ||
| 260 |
_a[S.l.] : _bMcGraw-Hill, _c2003. |
||
| 300 |
_a304 p. ; _c24 cm. |
||
| 490 | 1 | _aMcgraw-hill library of investment and finance. | |
| 520 | _aModels and Strategies for Exchange Rate Forecasting Michael R. Rosenberg Getting an accurate exchange rate is critical for any company doing business in today's global economy. Exchange Rate Determination --written by the number one-ranked foreign exchange team in the world--examines the methods used to accurately and profitably forecast foreign exchange rates. This hands-on guidebook uses extensive charts and tables to examine currency option markets, productivity trends and exchange rates; technical analysis methods to improve currency forecasting accuracy; and more. | ||
| 830 | 0 | _aMcgraw-hill library of investment and finance. | |
| 856 | 4 | 0 |
_3Amazon.com _uhttp://www.amazon.com/exec/obidos/ASIN/0071415017/chopaconline-20 |
| 942 |
_aNBS _cBK _k332.4560113 ROS |
||
| 999 |
_c346664 _d346664 |
||